000 00701nam a2200253Ia 4500
003 OSt
005 20220926013140.0
006 a|||||r|||| 00| 0
007 ta
008 220923b |||||||| |||| 00| 0 eng d
037 _cGeneral Book
040 _aRTL
_cRTL
_beng
041 _2eng
_aeng
082 _aX:87:(T), L1
100 _aEye Glen G. et al
_9317865
245 0 _aSupervision of instruction
250 _a2nd
260 _aNew York
_bHarper and Row U. S. A.
_c1971
300 _axiii, 383p.
_ccm.
490 _aExploration series in Education
650 _aExecutive Management
942 _hX:87:(T), L1
_cGB
_2CC
999 _c625248
_d625248